00225pab a2200085 454500008003600000100002100036245003800057650002500095773001900120180718b xxu||||| |||| 00| 0 eng d aKhatkhate, Deena aIndia 2001: dreams of an optimist aEconomic Development aTimes of India